000 00335nam a2200133 a 4500
005 20140414093845.0
008 091105s19uu xx 00 eng d
050 _aCD 423
_bDIC 2006
245 _aDictionary & Thesaurus :
_bWebster's New World.
650 _aDictionaries.
650 _aThesaurus.
942 _cAVM
999 _c109537
_d109537